Riconosci il Calciatore - Quiz n°1088 - Statistics

Statistiche generali
  • Questo quiz è stato fatto 5 volte
  • Il punteggio medio è 7 su 21
Statistiche sulle risposte
Indizio Risposta % Corretto
Nazionalità Belgio
100%
Ruolo Difensore
100%
Squadra di club 6 Roma 2016-2017
80%
Data di nascita 14/11/1985
60%
Squadra di club 5 Barcellona 2014-2016
60%
Squadra di club 7 Barcellona 2017-2019
60%
Squadra di club 8 Vissel Kōbe 2019-2021
60%
Squadra di club 4 Arsenal 2009-2014
40%
Trofei per club Campionato olandese: 1
Ajax: 2003-2004
Coppa dei Paesi Bassi: 2
Ajax: 2005-2006, 2006-2007
Supercoppa dei Paesi Bassi: 3
Ajax: 2005, 2006, 2007
Coppa d'Inghilterra: 1
Arsenal: 2013-2014
Campionato spagnolo: 4
Barcellona: 2014-2015, 2015-2016, 2017-2018, 2018-2019
Coppa di Spagna: 3
Barcellona: 2014-2015, 2015-2016, 2017-2018
Supercoppa di Spagna: 1
Barcellona: 2018
Coppa dell'Imperatore: 1
Vissel Kobe: 2019
Supercoppa del Giappone: 1
Vissel Kobe: 2020
UEFA Champions League: 1
Barcellona: 2014-2015
Supercoppa UEFA: 1
Barcellona: 2015
Coppa del mondo per club: 1
Barcellona: 2015
40%
Gol in nazionale 2
20%
Squadra di club 1 Ajax 2003-2004
20%
Squadra di club 3 Ajax 2005-2009
20%
Squadra di club 2 RKC Waalwijk 2004-2005
20%
Trofei per nazionali 0
0%
Altezza 183 cm
0%
Gol nei club 29
0%
Presenze nei club 433
0%
Peso 80 kg
0%
Presenze in nazionale 85
0%
Trofei individuali Squadra dell'anno della PFA: 1 2009-2010
0%
Calciatore Thomas Vermaelen
0%
Nessun quiz corrispondente trovato
Distribuzione punteggi
Percentuale di utenti per punteggio
Percentile per numero di risposta
I tuoi punteggi nel tempo
Non hai fatto questo quiz